Power Four Conference Members - Statistics

General Stats
  • This quiz has been taken 1,172 times
    1,103 since last reset
  • The average score is 48 of 67
Answer Stats
Hint Answer % Correct
SEC Florida
93%
SEC Alabama
92%
SEC Georgia
90%
SEC Texas
89%
Big Ten Michigan
88%
Big Ten Ohio State
88%
ACC Florida State
86%
ACC North Carolina
86%
Big Ten Oregon
84%
Big Ten Michigan State
83%
SEC Tennessee
83%
Big Ten USC
83%
ACC Clemson
82%
SEC Oklahoma
82%
Big Ten UCLA
82%
SEC Arkansas
81%
Big Ten Indiana
81%
Big Ten Iowa
81%
SEC Mississippi
81%
ACC Duke
80%
SEC South Carolina
80%
Big Ten Washington
80%
Big Ten Penn State
79%
SEC Mississippi State
78%
SEC Auburn
77%
SEC Kentucky
77%
SEC LSU
76%
SEC Texas A&M
76%
SEC Vanderbilt
76%
ACC Virginia
76%
ACC Georgia Tech
73%
Big Ten Illinois
73%
Big Ten Nebraska
73%
Big Ten Wisconsin
73%
Big 12 Arizona
72%
Big 12 Kansas
72%
Big Ten Rutgers
72%
Big Ten Maryland
71%
Big Ten Minnesota
71%
SEC Missouri
71%
Big 12 Texas Tech
71%
ACC Boston College
70%
Big 12 Arizona State
68%
Big 12 Iowa State
68%
ACC NC State
68%
Big Ten Northwestern
68%
ACC Virginia Tech
68%
Big 12 Colorado
66%
Big Ten Purdue
66%
ACC California
65%
Big 12 Kansas State
65%
Big 12 Oklahoma State
64%
ACC SMU
63%
ACC Wake Forest
63%
Big 12 Brigham Young
62%
ACC Stanford
61%
Big 12 Baylor
60%
ACC Syracuse
60%
Big 12 Utah
60%
Big 12 West Virginia
57%
ACC Louisville
55%
Big 12 Texas Christian
54%
ACC Pittsburgh
53%
Big 12 Houston
51%
Big 12 Cincinnati
46%
Big 12 UCF
46%
ACC Miami (FL)
39%
No matching quizzes found
Score Distribution
Percent of People with Each Score
Percentile by Number Answered
Your Score History
You have not taken this quiz since the last reset